000 00617nam a2200241Ia 4500
003 OSt
005 20221007074253.0
006 a|||||r|||| 00| 0
007 ta
008 221006b |||||||| |||| 00| 0 eng d
024 _a449
037 _cTextual
040 _aFLL
_cFLL
_beng
041 _2eng
_aeng
082 _aV2:2:9Z, J4;L0.2
100 _aChitaley
_9692869
245 0 _aConstitution of India
250 _a2nd
260 _aNagpur
_bAll India Reporter Ltd. India
_c1970
700 _a Rao
942 _hV2:2:9Z, J4;L0.2
_cTEXL
_2CC
999 _c1151759
_d1151759